| 000 | 01003nas a2200325 4500 | ||
|---|---|---|---|
| 001 | BR2014004036 | ||
| 003 | BR-BrBNA | ||
| 005 | 20231205124208.0 | ||
| 007 | ta | ||
| 008 | 230509b bl.|||p| |||| 00| 00por d | ||
| 040 |
_aBR-BrBNA _bpor _cBiblioteca Nacional de Agricultura |
||
| 041 | _a(Pt) | ||
| 072 | _aF30 | ||
| 100 | 1 | _aGuadagnin, J.P. | |
| 100 | 1 | _aRodrigues, L.R. | |
| 100 | 1 | _acargnelutti Filho, A. | |
| 100 | 1 | _aLosso, A. | |
| 100 | 1 | _aEmygdio, B.M. | |
| 100 | 1 | _aMachado, J.R. de A. | |
| 100 | 1 | _aCaraffa, M. | |
| 100 | 1 | _aTrentin, R. | |
| 245 | 1 | _aAvaliação de cultivares transgênicos de milho para indicação no estado do Rio Grande do Sul - safra 2010/2011 | |
| 650 | _aMILHO | ||
| 650 | _aHIBRIDO | ||
| 650 | _aMELHORAMENTO GENÉTICO VEGETAL | ||
| 650 | _aCONTROLE BIOLÓGICO | ||
| 773 | 0 |
_tPesquisa Agropecuária Gaúcha (Brazil) _xISSN 0104-9070 _g(2011), v. 17(1) p. 79-84 _wBR2014004036 |
|
| 909 |
_a202311 _bLúcia _c55 _dLúcia Elande |
||
| 942 |
_2AGRIS _n0 _cANA |
||
| 999 |
_c237795 _d237795 |
||